00366nam a2200109 a 4500008004100000050001900041100001700060245010900077260003800186350000900224650002300233100322s2008 ||||||||||||||||| || u aTHESIS/STUDENT aKalo, Samuel13aAn evaluation of metallurgical performance of the backfill plant and the ...cSupervised by Mr. A Shane aKitwebCoperbelt Universityc2008 a0.00 aMINING, METALLURGY